| 000 | 00815nam a2200241Ia 4500 | ||
|---|---|---|---|
| 003 | GCL | ||
| 005 | 20240530095320.0 | ||
| 008 | 140319s9999 xx 000 0 ara d | ||
| 020 | _a8875919977 | ||
| 040 |
_aGCL / _cGCL |
||
| 082 | 0 | 4 |
_a664.5 _bع م |
| 100 | 1 | _aعفاف عبدالرحمن الجديلى | |
| 245 | 1 | 0 |
_aالمواد المضافة للاغذية ( الايجابيات والسلبيات ) / _cعفاف عبدالرحمن الجديلى |
| 250 | _aالاولى | ||
| 260 |
_aالقاهرة : _bمجموعة النيل العربية ، _c2003 |
||
| 300 |
_a144 ص ؛ _c24 سم |
||
| 650 | 0 | 4 | _aالاغذية |
| 650 | 0 | 4 | _aالتوابل |
| 650 | 0 | 4 | _aالاغذية - مكونات |
| 650 | 0 | 4 | _aالاغذية - رقابة |
| 700 | 1 | _aهناء محمد حميدة | |
| 942 |
_2ddc _cBK |
||
| 999 |
_c6087 _d6087 |
||